000 02850cam a22004095a 4500
005 20090622142332.0
008 090226s2009 ii a bs 000 0 eng
010 _aENG-94166
020 _a9780415460927
_c895.00
035 _aEN-77699
035 _aB-361842-847
037 _bDBAD / PUB
037 _bUppal Book Store
040 _adpl
_bEnglish
082 _a328.54008624
245 _aRise of the plebeians? :
_bthe changing face of Indian legislative assemblies /
_ceditoed by Christophe Jaffrelot [and] Sanjay Kumar
260 _aNew Delhi :
_bRoutledge
_c2009
270 _a912 Tolstoy House, 15-17 Tolstoy Marg,
_bNew Delhi
_e110001
300 _axxxvi, 494 p.
_c23cm(Hb)
490 _aExploring the political in South Asia/ edited by Mukulika Banerjee
500 _aIncludes statistical tables.
504 _aIncludes bibliographical references
520 _aContributed articles on the caste membership of the members of state-level legislative assemblies of India.
650 _aCaste
_xPolitical aspects
_zIndia.
651 _aIndia
_xPolitics and government
_y1947-
700 _aJaffrelot, Christophe.
700 _aKumar, Sanjay.
942 _2ddc
_cEN
_mRIS
_h328.54008624
999 _c27759
_d27759